Introduction to properties of materials (Record no. 22047)

000 -LEADER
fixed length control field 00588nam a2200205 4500
001 - CONTROL NUMBER
control field 22047
003 - CONTROL NUMBER IDENTIFIER
control field BD-DhUET
008 - FIXED-LENGTH DATA ELEMENTS--GENERAL INFORMATION
fixed length control field 711004s1964 nyua b 001 0 eng
040 ## - CATALOGING SOURCE
Original cataloging agency DLC
Transcribing agency DLC
Modifying agency BD-DhUET
082 00 - DEWEY DECIMAL CLASSIFICATION NUMBER
Classification number 620.112
Item number ROS/1964
100 ## - MAIN ENTRY--PERSONAL NAME
Personal name Rosenthal, Daniel
245 10 - TITLE STATEMENT
Title Introduction to properties of materials
250 ## - EDITION STATEMENT
Edition statement 1st ed.
260 ## - PUBLICATION, DISTRIBUTION, ETC. (IMPRINT)
Place of publication, distribution, etc. New York
Name of publisher, distributor, etc. D. Van Nostrand
Date of publication, distribution, etc. 1964
300 ## - PHYSICAL DESCRIPTION
Extent xxi, 359 p.
Other physical details ill.
Dimensions 24 cm.
490 0# - SERIES STATEMENT
Series statement University series in basic engineering
504 ## - BIBLIOGRAPHY, ETC. NOTE
Bibliography, etc Includes bibliographies
650 #0 - SUBJECT ADDED ENTRY--TOPICAL TERM
Topical term or geographic name as entry element Strength of materials : Engineering
942 ## - ADDED ENTRY ELEMENTS (KOHA)
Koha item type General Book
Holdings
Shelving location Withdrawn status Koha date last seen Sublocation or collection (holding branch) Koha full call number Damaged status Not for loan Copy number Price effective from Lost status Koha item type Source of classification or shelving scheme Location (home branch) Koha normalized classification for sorting Piece designation (barcode) Date acquired
Circulation section 2015-04-22Central Library, BUET620.112/ROS/1964  12015-04-22 General Book Central Library, BUET620_112000000000000_ROS_196480632015-04-22
Circulation section 2015-04-22Central Library, BUET620.112/ROS/1964  22015-04-22 General Book Central Library, BUET620_112000000000000_ROS_196480772015-04-22